Central Library OPAC University of Rajshahi

كيف اعردنا النفوس للثورة صور من مفاس العهد البائر kayf aeradna alnufus lilthawrat suar min mufas aleahd albayir / (Record no. 81135)

MARC details
000 -LEADER
fixed length control field 00649naa a2200193 a 4500
001 - CONTROL NUMBER
control field 81135
003 - CONTROL NUMBER IDENTIFIER
rucl marc code BD-RjUL
005 - DATE AND TIME OF LATEST TRANSACTION
control field 20230129121159.0
008 - FIXED-LENGTH DATA ELEMENTS--GENERAL INFORMATION
fixed length control field 230129s1954 u ||||| |||| 00| 0 ara d
035 ## - SYSTEM CONTROL NUMBER
System control number (BD-RjUL)81135
040 ## - CATALOGING SOURCE
Original cataloging agency BD-RjUL
Language of cataloging eng
Transcribing agency BD-RjUL
041 ## - LANGUAGE CODE
Language code of text/sound track or separate title ara
082 ## - DEWEY DECIMAL CLASSIFICATION NUMBER
Edition number 23
Classification number 297.01
Author mark and year GHK 1954
245 ## - TITLE STATEMENT
Title كيف اعردنا النفوس للثورة صور من مفاس العهد البائر kayf aeradna alnufus lilthawrat suar min mufas aleahd albayir /
Statement of responsibility, etc. Mohamed Ghorab محمد غراب
260 ## - PUBLICATION, DISTRIBUTION, ETC. (IMPRINT)
Place of publication, distribution, etc. Misr :
Name of publisher, distributor, etc. Matbat alshabkishy,
Date of publication, distribution, etc. 1954
300 ## - PHYSICAL DESCRIPTION
Pagination 223 p. ;
Size 22 cm
650 ## - SUBJECT ADDED ENTRY--TOPICAL TERM
Topical term or geographic name as entry element Islam
9 (RLIN) 6731
942 ## - ADDED ENTRY ELEMENTS (KOHA)
Source of classification or shelving scheme Dewey Decimal Classification
Koha item type Books
Holdings
Lost status Source of classification or shelving scheme Damaged status Not for loan Collection code Permanent Location Current Location Shelving location Date acquired Total Checkouts Full call number Date last seen Copy number Koha item type
  Dewey Decimal Classification   Not For Loan Non-fiction Central Library, University of Rajshahi Central Library, University of Rajshahi Reading Room 29/01/2023   297.01 GHK 1954 29/01/2023 C-1 Books